书目信息 |
| 题名: |
五速子棋快提高
|
|
| 作者: | 李洪斌 , 顾炜 编著 | |
| 分册: | ||
| 出版信息: | 成都 成都时代出版社 2014 |
|
| 页数: | 185页 | |
| 开本: | 24cm | |
| 丛书名: | ||
| 单 册: | ||
| 中图分类: | G891.9 | |
| 科图分类: | ||
| 主题词: | 五子棋--基本知识 , 五子棋 | |
| 电子资源: | ||
| ISBN: | 978-7-5464-1206-1 | |
| 000 | 00764nam0 2200241 450 | |
| 001 | 2334544229 | |
| 005 | 20231110100751.33 | |
| 010 | @a978-7-5464-1206-1@dCNY37.80 | |
| 100 | @a20140924d2014 em y0chiy50 ea | |
| 101 | 0 | @achi |
| 102 | @aCN@b510000 | |
| 105 | @aa z 000yy | |
| 200 | 1 | @a五速子棋快提高@9wu su zi qi kuai ti gao@f李洪斌,顾炜编著 |
| 210 | @a成都@c成都时代出版社@d2014 | |
| 215 | @a185页@c图@d24cm | |
| 330 | @a本书以讲解五子棋的基本常识为主,全面介绍了一系列基本棋形,详细地对五子棋的攻防技术进行了讲解。 | |
| 606 | 0 | @a五子棋@x基本知识 |
| 606 | 0 | @a五子棋 |
| 690 | @aG891.9@v5 | |
| 701 | 0 | @a李洪斌@9li hong bin@4编著 |
| 701 | 0 | @a顾炜@9gu wei@4编著 |
| 801 | 0 | @aCN@b大连网信软件有限公司图书馆·11@c20231110 |
| 905 | @aBZT@dG891.9@e7 | |
| 五速子棋快提高/李洪斌,顾炜编著.-成都:成都时代出版社,2014 |
| 185页:图;24cm |
| ISBN 978-7-5464-1206-1:CNY37.80 |
| 本书以讲解五子棋的基本常识为主,全面介绍了一系列基本棋形,详细地对五子棋的攻防技术进行了讲解。 |
| ● |
| 相关链接 |
|
|
|
正题名:五速子棋快提高
索取号:G891.9/7
 
预约/预借
| 序号 | 登录号 | 条形码 | 馆藏地/架位号 | 状态 | 备注 |
| 1 | 2000941567 | 2000941567 | 安徽时代转三新/湖北三新(第三批)/51/ [索取号:G891.9/7] | 在馆 | |
| 2 | 2000941568 | 2000941568 | 安徽时代转三新/湖北三新(第三批)/51/ [索取号:G891.9/7] | 在馆 | |
| 3 | 2000941569 | 2000941569 | 安徽时代转三新/湖北三新(第三批)/51/ [索取号:G891.9/7] | 在馆 | |
| 4 | 2000941570 | 2000941570 | 安徽时代转三新/湖北三新(第三批)/51/ [索取号:G891.9/7] | 在馆 | |
| 5 | 2000941571 | 2000941571 | 安徽时代转三新/湖北三新(第三批)/51/ [索取号:G891.9/7] | 在馆 | |
| 6 | 2000941572 | 2000941572 | 安徽时代转三新/湖北三新(第三批)/51/ [索取号:G891.9/7] | 在馆 |